Chinese strategists : Beyond Sun Zi's art of war : Wu Zi's art of war
Enregistré dans:
| Auteur principal: | |
|---|---|
| Format: | Livre |
| Langue: | Undetermined |
| Publié: |
Singapore
Marshall Cavendish
2007
|
| Sujets: | |
| Tags: |
Ajouter un tag
Pas de tags, Soyez le premier à ajouter un tag!
|
| Thư viện lưu trữ: | Trung tâm Học liệu Trường Đại học Cần Thơ |
|---|
| LEADER | 00675nam a2200217Ia 4500 | ||
|---|---|---|---|
| 001 | CTU_128302 | ||
| 008 | 210402s9999 xx 000 0 und d | ||
| 020 | |c 131000 | ||
| 082 | |a 355.02 | ||
| 082 | |b T171 | ||
| 100 | |a Tang, Taizong | ||
| 245 | 0 | |a Chinese strategists : | |
| 245 | 0 | |b Beyond Sun Zi's art of war : Wu Zi's art of war | |
| 245 | 0 | |c Conversations with Tang Taizong; Translated by Ooi Kee Beng | |
| 260 | |a Singapore | ||
| 260 | |b Marshall Cavendish | ||
| 260 | |c 2007 | ||
| 650 | |a Military art and science,Khoa học và nghệ thuật quân sự | ||
| 650 | |z China | ||
| 904 | |i Minh | ||
| 980 | |a Trung tâm Học liệu Trường Đại học Cần Thơ | ||